The granite controversy ; geological addresses illustrating the evolution of a disputant.

Bibliographic Details
Main Author: Read, H. H. (Herbert Harold), 1889-1970
Format: Book
Language:English
Published: London : T. Murby, [1957]
Subjects:

MARC

Tag First Indicator Second Indicator Subfields
LEADER 00000cam a2200000 4500
001 in00000048216
005 20151007065611.0
008 730206s1957 enka b 00000 eng
010 |a  59053069  
035 |a (OCoLC)00552558 
035 |9 AAE2311AM 
040 |a DLC  |c KSU  |d OCL  |d TXA  |d UtOrBLW 
049 |a TXAM  |c [286925] 
050 0 0 |a QE462.G7  |b R4 1957a 
092 |a 552.41  |b R324g 
100 1 |a Read, H. H.  |q (Herbert Harold),  |d 1889-1970. 
245 1 4 |a The granite controversy ;  |b geological addresses illustrating the evolution of a disputant. 
264 1 |a London :  |b T. Murby,  |c [1957] 
300 |a 430 pages :  |b illustrations ;  |c 23 cm. 
336 |a text  |b txt  |2 rdacontent 
337 |a unmediated  |b n  |2 rdamedia 
338 |a volume  |b nc  |2 rdacarrier 
650 0 |a Granite. 
999 |a MARS 
999 f f |s 8915b8b2-06e9-3b00-b25b-8294973396d9  |i 89632538-1099-381a-a9bf-291d327274c9  |t 0 
952 f f |p ric  |a Texas A&M University  |b Rellis Campus  |c Joint Library Facility  |d Remote Storage  |t 0  |e QE462.G7 R4 1957a  |h Library of Congress classification  |i unmediated -- volume  |m A14800957490 
998 f f |a QE462.G7 R4 1957a  |t 0  |l Remote Storage